PolitBook. 2025, 3: Государство и граждане в электронной среде (Запись № 13502871)
[ простой вид ]
| 000 -МАРКЕР | |
|---|---|
| контрольное поле | 01269nam2a2200241 4500 |
| 001 - ИДЕНТИФИКАТОР ЗАПИСИ | |
| контрольное поле | RU\NLR\BIBL_A\022684543 |
| 005 - ИДЕНТИФИКАТОР ВЕРСИИ | |
| контрольное поле | 20260408145717.0 |
| 035 ## - ДРУГИЕ СИСТЕМНЫЕ НОМЕРА | |
| Идентификатор записи | (NLR Aleph) 022684543 |
| 100 ## - ДАННЫЕ ОБЩЕЙ ОБРАБОТКИ | |
| Данные общей обработки | 20251210d2025 u y0rusy50 ca |
| 101 0# - ЯЗЫК РЕСУРСА | |
| Язык текста, звукозаписи и т.д. | русский |
| 102 ## - СТРАНА ПУБЛИКАЦИИ ИЛИ ПРОИЗВОДСТВА | |
| Страна публикации | Российская Федерация |
| 200 1# - ЗАГЛАВИЕ И СВЕДЕНИЯ ОБ ОТВЕТСТВЕННОСТИ | |
| Основное заглавие | Государство и граждане в электронной среде |
| Сведения, относящиеся к заглавию | [материалы VIII Международной конференции по электронному управлению DTGS, 2025 год, город Санкт-Петербург] |
| 210 ## - ПУБЛИКАЦИЯ, РАСПРОСТРАНЕНИЕ И ДР. | |
| Дата издания, распространения и т.д. | 2025 |
| 461 #0 - УРОВЕНЬ НАБОРА | |
| Встроенное поле | 001RU\NLR\Per\917547 |
| -- | 2001#$aPolitBook$v2025, 3 |
| Системный номер (АБИС) связанной записи | 3078545 |
| Место публикации | Чебоксары |
| Дата публикации | 2012 - |
| Имя издателя, распространителя и т.д. | НИИ общественных и политических наук |
| Заглавие | PolitBook |
| ISSN | 2227-1538 |
| Номер тома | 2025, 3 |
| 606 1# - НАИМЕНОВАНИЕ ТЕМЫ КАК ПРЕДМЕТ | |
| Наименование темы | Информационные технологии |
| Формальный подзаголовок | Сборники |
| Тематический подзаголовок | Политологический аспект |
| Системный номер авторитетной/нормативной записи | 2301586 |
| Идентификатор авторитетной/нормативной записи | RU\NLR\AUTH\661377928 |
| 686 1# - ИНДЕКСЫ ДРУГИХ КЛАССИФИКАЦИЙ | |
| Индекс | Ф011.4я43 |
| 711 12 - НАИМЕНОВАНИЕ ОРГАНИЗАЦИИ - АЛЬТЕРНАТИВНАЯ ОТВЕТСТВЕННОСТЬ | |
| Начальный элемент ввода | Международная конференция по электронному управлению DTGS |
| Порядковый номер временной организации и / или порядковый номер ее части | 8 |
| Дата проведения временной организации | 2025 |
| Место проведения временной организации | Санкт-Петербург |
| Идентификатор авторитетной/нормативной записи | RU\NLR\AUTH\880636356 |
| Системный номер авторитетной/нормативной записи | 2689896 |
| 852 ## - МЕСТОНАХОЖДЕНИЕ И ШИФР ХРАНЕНИЯ | |
| Идентификатор организации | NLR |
| Шифр хранения (Call Number) | П22/9504 |
| 942 ## - ДОПОЛНИТЕЛЬНЫЕ ЭЛЕМЕНТЫ ЗАПИСИ (АБИС) | |
| Тип экземпляра АБИС | Выпуск |
| 980 ## - КОЛЛЕКЦИЯ | |
| Название коллекции | Русская периодика |
| 980 ## - КОЛЛЕКЦИЯ | |
| Название коллекции | Национальная библиография |
Нет доступных экземпляров.